000 00855nam a2200265Ia 4500
999 _c55500
_d55500
001 22582
003 GE_BSU
005 20230330153158.0
008 181216s ||||-ge|||||||||||||| ||ger||
020 _a978-3-19-171699-8
040 _cGE_BSU
041 _afre
080 _a811.112.1 B-85
100 _aBreitsameter, Anna
_917350
245 _aMENSCHEN A2.1 :
_bDEUTSCH ALS FREMDSPRACHE ARBEITSBUCH (MIT AUDIO CD) /
_cAnna Breitsameter, Sabine Glas-Peters, Angela Pude.
264 _aMunchen,
_bHueber Verlag,
_c2013.
300 _a108p;ill,
_c29 cm.
_e+1CD-Rom.A2.1
541 _h38gel.
653 _aMENSCHEN A2.1
653 _aDEUTSCH ALS FREMDSPRACHE ARBEITSBUCH (MIT AUDIO CD)
653 _aგერმანული ენა
700 _aGlas-Peters, Sabine
_eby
_916347
700 _aPude, Angela
_eby
_917383
942 _cBK
_2udc